| 000 | 00456nam a2200169 4500 | ||
|---|---|---|---|
| 001 | 44232 | ||
| 090 | _a44232 | ||
| 100 | _a20250213 pory50 | ||
| 101 | _apor | ||
| 102 | _aportugal | ||
| 200 |
_ao circo ambulante _fMalcolm Saville _gT. R. Freeman il. ; José Parreira Alves |
||
| 210 |
_aLisboa _cInquérito _d[s.d] |
||
| 215 |
_a172 p. _cil. _d18 cm |
||
| 225 |
_aAs aventuras de Susana e Guilherme _e7 |
||
| 675 | _a82-93 | ||
| 801 |
_aPT _gRPC |
||
| 990 | _cLIVROS | ||